London's reach for commuters (Record no. 79731)

MARC details
000 -LEADER
fixed length control field 01044cab a22002055a 4500
001 - CONTROL NUMBER
control field L142141
008 - FIXED-LENGTH DATA ELEMENTS--GENERAL INFORMATION
fixed length control field 080124s2008 xxkbd f 000 0 eng d
035 ## - SYSTEM CONTROL NUMBER
System control number (Sirsi) u142141
041 0# - LANGUAGE CODE
Language code of text/sound track or separate title eng
100 1# - MAIN ENTRY--PERSONAL NAME
Personal name Cook, Lucian
245 00 - TITLE STATEMENT
Title London's reach for commuters
260 ## - PUBLICATION, DISTRIBUTION, ETC.
Date of publication, distribution, etc. 2008
490 ## - SERIES STATEMENT
Series statement Planning in London
Volume/sequential designation (64) January-March 2008, 43-44(2)
520 ## - SUMMARY, ETC.
Summary, etc. Reviews research by Savills examining the relationship between house prices and distance from London. Identifies that commuter demand has led to an approximate fall in property prices by £1 000 for every additional minute of rail journey time to the capital beyond the M25. As a result, reducing journey times to London has the capacity to add value to residential property. Few daily commuters are willing to live more than 100 minutes away from London.
590 ## - LOCAL NOTE (RLIN)
Local note KA
651 #4 - SUBJECT ADDED ENTRY--GEOGRAPHIC NAME
Geographic name England
Chronological subdivision 886-
690 ## - LOCAL SUBJECT ADDED ENTRY--TOPICAL TERM (OCLC, RLIN)
Topical term or geographic name as entry element PROPERTY-RESIDENTIAL PROPERTY-RESIDENTIAL PROPERTY MARKET
690 ## - LOCAL SUBJECT ADDED ENTRY--TOPICAL TERM (OCLC, RLIN)
Topical term or geographic name as entry element PROPERTY-INFRASTRUCTURE-RAIL INFRASTRUCTURE-RAIL TRANSPORT FACILITIES
942 ## - ADDED ENTRY ELEMENTS (KOHA)
Suppress in OPAC 0
Holdings
Withdrawn status Lost status Source of classification or shelving scheme Damaged status Not for loan Home library Current library Shelving location Date acquired Total Checkouts Full call number Barcode Date last seen Copy number Price effective from Koha item type
    Dewey Decimal Classification     London London Journal article 24/01/2008   L142141 142141-1001 06/08/2019 1 06/08/2019 Journal article